| 000 | 00492nam a2200193Ia 4500 | ||
|---|---|---|---|
| 005 | 20250603145301.0 | ||
| 008 | 250603s9999 xx 000 0 und d | ||
| 020 | _a9781609139995 | ||
| 050 | _aQR 62 .C67/ | ||
| 100 | _aCornelissen, Cynthia Nau | ||
| 245 | 0 | _aLippincott’s illustrated reviews: microbiology | |
| 250 | _a3rd ed. | ||
| 260 | _aPhiladelphia | ||
| 260 | _bLippincott Williams & Wilkins | ||
| 260 | _c2013 | ||
| 300 | _a438 p | ||
| 650 | _aPhiladelphia | ||
| 942 | _cBK | ||
| 999 |
_c41406 _d41406 |
||